000 00587nam a2200253Ia 4500
005 20260121153837.0
008 008 260114s9999 xx 000 0 eng d
020 _a9780429497995
037 _aEBOOK
040 _aCRL
040 _beng
040 _cCRL
041 _2eng
041 _aeng
084 _qCRL
100 _aPeter F Klaren
_9999837
245 0 _aPromise Of Development
260 _bTaylor and Francis
260 _c1986
856 _uhttp://www.taylorfrancis.com/books/9780429497995
942 _cEBOOK
999 _c1566658
_d1566658